000 00382nam a2200121Ia 4500
008 210430s9999 xx 000 0 und d
082 _a660.2815 S7991 C
100 _aGeroge Stephanopoulos
_954155
245 _aChemical Process Control: An introduction to theory and practice /
_cGeroge Stephanopoulos
260 _aIndia
_bPrentice Hall
_c2006
300 _a696p
942 _cBK
_2ddc
999 _c564631
_d564631